Многокомпонентные халькогениды Aˈˈ Bˈˈˈ₂ Cˈ˅₄ (Запись № 7874856)
[ простой вид ]
| 000 -МАРКЕР | |
|---|---|
| контрольное поле | 01069nam0a22002771 4500 |
| 001 - ИДЕНТИФИКАТОР ЗАПИСИ | |
| контрольное поле | rc\279173 |
| 005 - ИДЕНТИФИКАТОР ВЕРСИИ | |
| контрольное поле | 20260407142228.0 |
| 010 ## - МЕЖДУНАРОДНЫЙ СТАНДАРТНЫЙ НОМЕР КНИГИ (ISBN) | |
| Номер (ISBN) | 5-376-00607-7 |
| Тираж | 600 |
| 035 ## - ДРУГИЕ СИСТЕМНЫЕ НОМЕРА | |
| Идентификатор записи | (NLR Aleph) 008762647 |
| 100 ## - ДАННЫЕ ОБЩЕЙ ОБРАБОТКИ | |
| Данные общей обработки | 20030307d1990 |||y0rusy50 ca |
| 101 0# - ЯЗЫК РЕСУРСА | |
| Язык текста, звукозаписи и т.д. | русский |
| 102 ## - СТРАНА ПУБЛИКАЦИИ ИЛИ ПРОИЗВОДСТВА | |
| Страна публикации | Российская Федерация |
| 105 ## - ПОЛЕ КОДИРОВАННЫХ ДАННЫХ: ТЕКСТОВЫЕ МАТЕРИАЛЫ, МОНОГРАФИЧЕСКИЕ | |
| Кодированные данные о монографическом текстовом документе | a ||||||||| |
| 200 1# - ЗАГЛАВИЕ И СВЕДЕНИЯ ОБ ОТВЕТСТВЕННОСТИ | |
| Основное заглавие | Многокомпонентные халькогениды Aˈˈ Bˈˈˈ₂ Cˈ˅₄ |
| Сведения, относящиеся к заглавию | [Сб. науч. тр.] |
| Первые сведения об ответственности | АН МССР, Ин-т прикл. физики |
| Последующие сведения об ответственности | [Редкол.: С.И. Радауцан (отв. ред.) и др.] |
| 210 ## - ПУБЛИКАЦИЯ, РАСПРОСТРАНЕНИЕ И ДР. | |
| Место издания, распространения и т.д. | Кишинев |
| Имя издателя, распространителя и т. д. | Штиинца |
| Дата издания, распространения и т.д. | 1990 |
| 215 ## - ФИЗИЧЕСКАЯ ХАРАКТЕРИСТИКА | |
| Специфическое обозначение материала и объем | 163, [2] с. |
| Другие сведения о физической характеристике | ил. |
| Размеры | 22 |
| 320 ## - ПРИМЕЧАНИЯ О НАЛИЧИИ В ДОКУМЕНТЕ БИБЛИОГРАФИИ / УКАЗАТЕЛЯ | |
| Текст примечания | Библиогр. в конце ст. |
| 702 #1 - ИМЯ ЛИЦА - ВТОРИЧНАЯ ОТВЕТСТВЕННОСТЬ | |
| Начальный элемент ввода | Радауцан |
| Часть имени, кроме начального элемента ввода | С.И. |
| Расширение инициалов личного имени | Сергей Иванович |
| Код отношения | Редактор |
| 712 02 - НАИМЕНОВАНИЕ ОРГАНИЗАЦИИ - ВТОРИЧНАЯ ОТВЕТСТВЕННОСТЬ | |
| Начальный элемент ввода | Институт прикладной физики |
| Идентифицирующий признак | Кишинев |
| Идентификатор авторитетной/нормативной записи | RU\NLR\AUTH\8810011752 |
| Системный номер авторитетной/нормативной записи | 521225 |
| 801 #0 - ИСТОЧНИК ЗАПИСИ | |
| Страна | Российская Федерация |
| Организация | NLR |
| Правила каталогизации | psbo |
| 801 #1 - ИСТОЧНИК ЗАПИСИ | |
| Страна | Российская Федерация |
| Организация | ELAR |
| Источник данных | rusmarc |
| 801 #2 - ИСТОЧНИК ЗАПИСИ | |
| Страна | Российская Федерация |
| Организация | NLR |
| Дата составления | 20040413 |
| Источник данных | rusmarc |
| 852 ## - МЕСТОНАХОЖДЕНИЕ И ШИФР ХРАНЕНИЯ | |
| Идентификатор организации | NLR |
| Шифр хранения (Call Number) | 90-5/557 |
| 942 ## - ДОПОЛНИТЕЛЬНЫЕ ЭЛЕМЕНТЫ ЗАПИСИ (АБИС) | |
| Тип экземпляра АБИС | Книга |
| 980 ## - КОЛЛЕКЦИЯ | |
| Название коллекции | Национальная библиография |
| Тип экземпляра | Дата поступления | Библиотека постоянного хранения | Библиотека текущего хранения | Место хранения | Шифр хранения | Штрих-код | Статус экземпляра | Источник поступления | Стоимость |
|---|---|---|---|---|---|---|---|---|---|
| Книга | 26.10.2013 | РНБ (Московский) | РНБ (Московский) | Русский книжный фонд: издания с 1957 года | 90-5/557 | 8762647-10 | |||
| Книга | 28.03.2014 | РНБ (Московский) | РНБ (Московский) | Фонд научного зала литературы по технике | Нз З843/М-735 | 1-428455 | Покупка | 949.96 |